Quizzes
Events
Quiz Creation
Community
Videos
Private Events
Remove Ads
Sign In
Join for FREE
Feedback
Dark Mode
Quiz Categories
Sports
Geography
Music
Movies
Television
Just For Fun
Miscellaneous
History
Literature
Language
Science
Gaming
Entertainment
Religion
Holiday
For Kids
Quiz Lab
Recent
Popular Today
Quiz Kudos Today
Editor Picks
Curator Picks
Quizzes by...
Day
Popularity
Type
Ratings
Length
Year
Community
Subscriptions
Recent Discussions
Orange Saloon
Badges
Playlists
Quests
Create
Leaderboards
Showdown
Live 5
Trivia Bingo
Activity
Puzzle Library
Sporcle Events
Private Events
Virtual Trivia
Globe League
Become a Host
Pub Owners
SporcleCon
Opinionation
Our Games
Videos
Blog
Mobile Apps
Partnerships
Remove Ads and Go Orange
Feedback
Sports
Athletes
MLB
NBA
NHL
NFL
Soccer
Sports Teams
WWE
NCAA
Football
Premier League
Basketball
Baseball
Hockey
Golf
Tennis
Cricket
Rugby
Auto Racing
Olympics
World Cup
Sports
Athletes
MLB
NBA
NHL
NFL
Soccer
Sports Teams
WWE
NCAA
Football
Premier League
Basketball
Baseball
Hockey
Golf
Tennis
Cricket
Rugby
Auto Racing
Olympics
World Cup
Random Quiz
Search Sporcle
×
Quiz Lab
Quiz Lab
Sports
Premier League
Type in answers that appear in a list
Type in answers that appear in a list
Classic
Best Score? Go Orange.
Team Captains of the 2011-12 English Premier League season Stats
Can you name the Team Captains of the 2011-12 English Premier League season?
By
LawrenceBoggart
12m
20 Questions
114 Plays
114 Plays
114 Plays
Comments
Comments
Give Quiz Kudos
Give Quiz Kudos
-
- Ratings
hide this ad
Replay
Link that replays current quiz
Next Quiz
Link to next quiz in quiz playlist
You Got
0%
They Got
Avg Score
59%
Avg Friend Score
Upgrade to see
Score Distribution
Jump to the score distribution portion of the page
Score
0/20
Timer
12:00
0
Plays Today
Club
Captain
% Correct
Chelsea
John Terry
90.4%
Liverpool
Steven Gerrard
86%
Manchester United
Nemanja Vidic
84.2%
Arsenal
Robin Van Persie
80.7%
Manchester City
Carlos Tevez
72.8%
Bolton Wanderers
Kevin Davies
69.3%
Tottenham Hotspur
Ledley King
69.3%
Everton
Phil Neville
66.7%
Aston Villa
Stiliyan Petrov
63.2%
Fulham
Danny Murphy
60.5%
Club
Captain
% Correct
Stoke City
Ryan Shawcross
58.8%
Sunderland
Lee Cattermole
52.6%
Newcastle United
Fabricio Coloccini
49.1%
Blackburn Rovers
Ryan Nelsen
47.4%
Norwich City
Grant Holt
46.5%
Wolverhampton Wanderers
Roger Johnson
43.9%
West Bromwich Albion
Chris Brunt
40.4%
Wigan Athletic
Gary Caldwell
39.5%
Queens Park Rangers
Adel Taarabt
38.6%
Swansea City
Garry Monk
22.8%
Quiz Playlist
Details
Report
Send in Message
Add To Playlist
Classic:
Type in answers that appear in a list
Last Updated: Feb 16, 2017
Quiz Scoreboard
CHALLENGE
Sign Up to Join the Scoreboard
Show All
Scores
Hide
Comments
May contain spoilers
Recently Published
TV Characters by Other Roles V
by ghcgh
Television
5m
Decade Duel: World Leaders
by jenniferyan
History
4m
Alphabetical 'K' Countries by Flag Minefield
by ylime102
Geography
3m
More to Explore
Quiz From the Vault
Featured Blog Post
15 Basketball Trivia Facts You Can Be March Mad About
hide this ad
You Might Also Like...
Tags
Premier League Quiz
captain
club
English
League
Premier
season
team
Team Captains
Today's Top Quizzes in Sports
Browse Sports
hide this ad
Today's Top Quizzes in Premier League
Browse Premier League
Top Contributed Quizzes in Sports
1
Les joueurs à 100 buts en Ligue 1 Uber Eats
2
2022 World Cup Stars
3
Pick 6: NFL Teams
4
MLB 2 truths and a lie: Hall of Fame pitchers
5
Pick 6: Minor League Baseball
6
Millionaire: NBA Finals Edition
7
Pick 6: Olympics
8
Click the 1998 NBA Draft
9
Criteria MLB: Left Handed Sluggers
10
NBA Logic Puzzle 2.0
Explore More
Trending Topics
Anime
Harry Potter
Crossword
Marvel
NBA
Kpop
Disney
The Office
NFL
Country
Puzzle
WWE
Pokémon
Song
Soccer
hide this ad
More By:
LawrenceBoggart
Quiz
Plays
Rating
Category
Featured
Created
A Intercontinental and World Champion
1,638
3.00
Sports
Aug 25, 2011
A United States and World Champion
1,528
3.60
Sports
Aug 25, 2011
Most F1 Grand Prix before first win
409
3.00
Sports
Aug 24, 2011
English Premier League Winning Managers
363
3.00
Sports
Sep 18, 2011
UEFA European Championship and FIFA World Cup Winners
323
5.00
Sports
Aug 30, 2011
Go to Creator's Profile
Score Distribution
Quiz Creator Spotlight
LawrenceBoggart
Follow
Send a Message
Quizzes Created
-
Created Quiz Play Count
-
More By This Creator
Popular Quizzes Today
1
Countries of Asia Without Outlines Minefield
2
Find the US States - No Outlines Minefield
3
Pick 6: Fruits
4
The Countries of the World
5
Alphabetical 'K' Countries by Flag Minefield
6
Find the Countries of Europe - No Outlines Minefield
7
US States
8
Find the US States
More Sports Quizzes
Cities by Two Athletes
Published
Trending Quizzes
Pick 6: Mountains
Pick 6: Harry Potter
Pick 6: Flags
Pick 6: NFL Teams
Pick 6: Movie Franchises
Recently Updated
Adaptations: Name the Title
pecheneg
NWSL Teams
pecheneg
Women's Final Four Teams by Year
bhenderson79
Presidents Quartet II
eogle
Anything But Clue(do)
eogle
Anything But Oceanian Capitals
eogle
Anything But 7
eogle
Anything But Thing
eogle
Word Ladder: February 29
pecheneg
Song Title Questions
pecheneg
Trending Topics
NBA
Disney
Kpop
Anime
Crossword
Marvel
Harry Potter
Pokémon
Song
Soccer
NFL
The Office
Country
WWE
Puzzle
Your Account Isn't Verified!
In order to create a playlist on Sporcle, you need to verify the email address you used during registration. Go to your
Sporcle Settings
to finish the process.
Report this User
Report this user for behavior that violates our
Community Guidelines
.
Details:
Send Report
Go to the Sporcle.com Mobile Site →
Comments